Central Library OPAC University of Rajshahi

Readings in business cycles / (Record no. 4406)

MARC details
000 -LEADER
fixed length control field 00897cam a2200253u 4500
001 - CONTROL NUMBER
control field 4406
003 - CONTROL NUMBER IDENTIFIER
rucl marc code BD-RjUL
005 - DATE AND TIME OF LATEST TRANSACTION
control field 20211208233903.0
008 - FIXED-LENGTH DATA ELEMENTS--GENERAL INFORMATION
fixed length control field 131222s19661965enka 000 0 eng
035 ## - SYSTEM CONTROL NUMBER
System control number (BD-RjUL)4441
040 ## - CATALOGING SOURCE
Original cataloging agency DLC
Transcribing agency CarP
Modifying agency DLC
-- BD-RjUL
Language of cataloging eng
041 ## - LANGUAGE CODE
Language code of text/sound track or separate title eng
082 04 - DEWEY DECIMAL CLASSIFICATION NUMBER
Edition number 16
Classification number 338.542
Author mark and year REA 1966
245 10 - TITLE STATEMENT
Title Readings in business cycles /
Statement of responsibility, etc. selected by a committee of The American Economic Association.
260 ## - PUBLICATION, DISTRIBUTION, ETC. (IMPRINT)
Place of publication, distribution, etc. London ;
-- Homewood, ILL. :
Name of publisher, distributor, etc. Allen & Unwin ;
-- Irwin Inc.,
Date of publication, distribution, etc. c1965, 1966.
300 ## - PHYSICAL DESCRIPTION
Pagination x, 731 p. :
Illustrations ill ;
Size 23 cm.
490 ## - SERIES STATEMENT
Series statement The series of Republished Articles on Economics.
Volume/sequential designation x
650 #0 - SUBJECT ADDED ENTRY--TOPICAL TERM
Topical term or geographic name as entry element Business cycles.
9 (RLIN) 13938
700 1# - ADDED ENTRY--PERSONAL NAME
Personal name Gordon, Robert Aaron,
Relator term comp.
Personal name Klein, Lawrence R.
Fuller form of name (Lawrence Robert),
Dates associated with a name 1920-2013,
Relator term comp.
710 1# - ADDED ENTRY--CORPORATE NAME
Corporate name or jurisdiction name as entry element American Economic Assosiation.
9 (RLIN) 13940
942 ## - ADDED ENTRY ELEMENTS (KOHA)
Source of classification or shelving scheme Dewey Decimal Classification
Koha item type Books
Holdings
Lost status Source of classification or shelving scheme Damaged status Not for loan Collection code Permanent Location Current Location Shelving location Date acquired Source of acquisition Total Checkouts Full call number Date last seen Copy number Koha item type Cost, normal purchase price
  Dewey Decimal Classification     Non-fiction Central Library, University of Rajshahi Central Library, University of Rajshahi Reading Room 08/03/1974 Canada govt.   338.542 REA 1966 22/12/2013 C-2 Books  
  Dewey Decimal Classification     Non-fiction Central Library, University of Rajshahi Central Library, University of Rajshahi   31/07/1973 Enter book agency   338.542 REA 1966 24/07/2016 C-3 Books 86.75
  Dewey Decimal Classification     Non-fiction Central Library, University of Rajshahi Central Library, University of Rajshahi   06/06/1968 Zeetlinger   338.542 REA 1966 24/07/2016 C-4 Books 48.00
  Dewey Decimal Classification     Non-fiction Central Library, University of Rajshahi Central Library, University of Rajshahi   06/06/1968 Zeetlinger   338.542 REA 1966 24/07/2016 C-5 Books 48.00